Los impuestos en Argentina / (Record no. 4400)
[ view plain ]
| 000 -LEADER | |
|---|---|
| fixed length control field | 00589nam a22001937a 4500 |
| 008 - FIXED-LENGTH DATA ELEMENTS--GENERAL INFORMATION | |
| fixed length control field | 181025b xxu||||| |||| 00| 0 spa d |
| 020 ## - INTERNATIONAL STANDARD BOOK NUMBER | |
| International Standard Book Number | 978-987-1577-77-4 |
| 082 24 - DEWEY DECIMAL CLASSIFICATION NUMBER | |
| Edition number | 20 |
| Classification number | 336.2 |
| 100 1# - MAIN ENTRY--PERSONAL NAME | |
| 9 (RLIN) | 6682 |
| Personal name | Ceteri, José Luis |
| 245 14 - TITLE STATEMENT | |
| Title | Los impuestos en Argentina / |
| Statement of responsibility, etc | José Luis Ceteri. |
| 260 ## - PUBLICATION, DISTRIBUTION, ETC. (IMPRINT) | |
| Place of publication, distribution, etc | Buenos Aires : |
| Name of publisher, distributor, etc | Osmar Buyatti, |
| Date of publication, distribution, etc | 2012. |
| 300 ## - PHYSICAL DESCRIPTION | |
| Extent | 171 p. |
| 650 #0 - SUBJECT ADDED ENTRY--TOPICAL TERM | |
| Topical term or geographic name as entry element | IMPUESTOS |
| 9 (RLIN) | 9682 |
| 650 #0 - SUBJECT ADDED ENTRY--TOPICAL TERM | |
| Source of heading or term | unescot |
| 9 (RLIN) | 6684 |
| Topical term or geographic name as entry element | IMPUESTO SOBRE LA RENTA |
| 650 #0 - SUBJECT ADDED ENTRY--TOPICAL TERM | |
| Source of heading or term | unescot |
| 9 (RLIN) | 6686 |
| Topical term or geographic name as entry element | IMPUESTO AL VALOR AGREGADO |
| 651 #0 - SUBJECT ADDED ENTRY--GEOGRAPHIC NAME | |
| 9 (RLIN) | 326 |
| Geographic name | ARGENTINA |
| 942 ## - ADDED ENTRY ELEMENTS (KOHA) | |
| Source of classification or shelving scheme | Dewey Decimal Classification |
| Item type | Libro, folleto, traducción |
| 980 ## - EQUIVALENCE OR CROSS-REFERENCE-SERIES STATEMENT--PERSONAL NAME/TITLE [LOCAL, CANADA] | |
| Field link and sequence number | 1943 |
| Miscellaneous information | VALERIA BEATRIZ DOMÍNGUEZ |
| Withdrawn status | Lost status | Source of classification or shelving scheme | Damaged status | Not for loan | Home library | Current library | Date acquired | Source of acquisition | Total Checkouts | Total Renewals | Full call number | Barcode | Date last seen | Date last borrowed | Price effective from | Koha item type |
|---|---|---|---|---|---|---|---|---|---|---|---|---|---|---|---|---|
| Dewey Decimal Classification | Consultar Disponibilidad | Biblioteca Central | Biblioteca Central | 25/10/2018 | Donación | 3 | 4 | 336.2 CET | UNAJ18100262 | 17/03/2025 | 23/10/2024 | 25/10/2018 | Libro, folleto, traducción |